00630nam a2200169 a 4500008004100000020001500041050001700056100001900073245002700092246005500119260002600174300002200200350000900222995008700231999001700318952012500335120416s0000 ||||||||||||||||| || u a0140133828 aSD 387.7 Hec aHecht, Susanna14aThe fate of the forest adevelopers, destroyers and defenders of the Amazon aLondonbPenguinc1989 axii, 349p. : ill. a0.00 D0.00FCBU-MAIN LIBRARY (Kitwe)H1I5.99M1UAVAILABLEZAnnex Low-Usage Collection  c43171d43171 00102lcc4070a001b001cAnnex Low-Usage Collection d2022-11-30l0oSD 387.7 Hecp013365r2022-11-30w2022-11-30y002